Víťazstvo veľkých ideí Výsledky členských krajín RVHP za rok 1978

Bibliographic Details
Format: Article
Language:Slovak
PhysicalDescription:Grafy 3.
Subjects:

MARC

LEADER 00000nab a2200000 a 4500
001 vtls000024357
003 SK-MaSNL
005 20260305024356.0
008 160211c1979 xo 0 slo
015 |a SNBRB19rr/mm-uuuuu 
035 |a CL0034451 
040 |a SNKBUCL  |b slo  |c SNKBUCL  |e AACR2 
041 0 |a slo 
044 |a xo  |c SK 
080 |a 339.923:061.1(4-11)  |2 1981 
080 |a 061.1(4-11)  |2 1981 
080 |a 338.1  |2 1981 
080 |a 31  |2 1981 
245 0 0 |a Víťazstvo veľkých ideí  |b Výsledky členských krajín RVHP za rok 1978 
300 |b Grafy 3. 
650 0 7 |a Rada vzájomnej hospodárskej pomoci  |2 snkbucl  |9 920973 
650 0 7 |a národné hospodárstvo  |2 snkbucl  |9 846 
655 7 |a články z novín a časopisov  |2 snkbucl  |9 267496 
773 0 |t Pravda  |g Roč. 60, č. 81 (5. 4. 1979), s. 6 
850 |a Slovenská národná knižnica v Martine  |a MTA001 
852 |a SNK  |b KIS3GCP 
958 |a RK 
992 |a RBX 
999 |c 3302021  |d 3303951